| 000 | 00744nam a22001817a 4500 | ||
|---|---|---|---|
| 005 | 20251108165408.0 | ||
| 008 | 250721s1979 xx 000 0 ara d | ||
| 082 | 1 | 4 | _aم/016.213/غاز |
| 100 | 1 | _aإبن غازي، أبو عبد الله محمد بن أحمد | |
| 245 | 1 | 0 |
_aفهرس إبن غازي : _bالتعلل برسوم الاسناد بعد انتقال أهل المنزل و الناد / |
| 264 | 1 |
_aالدار البيضاء : _bدار المغرب للتاليف و الترجمه و النشر، _c1979. |
|
| 300 | _a216ص | ||
| 490 | 0 | _aسلسله الفهارس؛3 | |
| 650 | 1 | 7 | _aالإسلامالحديثببليوغرافيا |
| 700 | 1 |
_aالزاهي، محمد _eتحقيق |
|
| 942 |
_2ddc _cREF |
||
| 999 |
_c26873 _d26873 |
||